| 000 | nam a22 7a 4500 | ||
|---|---|---|---|
| 999 |
_c128488 _d128488 |
||
| 008 | 181102b xxu||||| |||| 00| 0 eng d | ||
| 020 | _a9781498200103 | ||
| 050 | _aLA1501.N961 | ||
| 100 |
_aNtamushobora, Faustin _943244 |
||
| 245 |
_aEducation for holistic transformation in Africa _cFaustin Ntamushobora |
||
| 260 |
_aEugene _bWIPF and Stock _c2015 |
||
| 300 |
_ax, 158p. ; _c23cm. |
||
| 942 |
_2lcc _cMONOGRAPH |
||